| 000 | 00486nam a22001577a 4500 | ||
|---|---|---|---|
| 003 | OSt | ||
| 005 | 20151001152214.0 | ||
| 008 | 151001b xxu||||| |||| 00| 0 eng d | ||
| 040 | _cRUA | ||
| 082 | _aAVM សឹម 1993 B066 Or.1 | ||
| 100 |
_91692 _aសឹម ធរដ្ឋ |
||
| 245 | _aការបង្កាត់ពូជដោយសិប្បនិម្មិត្តលើគោ | ||
| 260 |
_aPhnom Penh _bRUA _c1993 |
||
| 300 |
_a52p. _bill. _c29cm. |
||
| 942 |
_2ddc _cAVM |
||
| 999 |
_c1594 _d1594 |
||